| 000 | 00681nam a22002177a 4500 | ||
|---|---|---|---|
| 999 |
_c356183 _d356183 |
||
| 001 | 123 | ||
| 003 | NUST | ||
| 005 | 20180226103901.0 | ||
| 008 | 180226b ||||| |||| 00| 0 eng d | ||
| 020 | _a9781849350631 | ||
| 082 |
_a301.09730905 _bPRI |
||
| 100 |
_aPrice, David H., _910028 |
||
| 245 |
_aWeaponizing anthropology: _bsocial science in service of the militarized state / _cby David H. Price |
||
| 260 |
_aOakland, California: _bAK Press, _c2011 |
||
| 300 | _a219 p. | ||
| 504 | _aIncludes reference and index | ||
| 650 |
_aSocial sciences--Moral and ethical aspects _910029 |
||
| 650 |
_aMilitary ethics _910030 |
||
| 650 |
_aMilitary planning _9333 |
||
| 942 |
_2ddc _cBK |
||